| 000 | 00624ata a2200217 4500 | ||
|---|---|---|---|
| 005 | 20170110112358.0 | ||
| 008 | 150602b xxu||||| |||| 00| 0 spa d | ||
| 041 | _aspa | ||
| 082 | _a956 M337i | ||
| 100 |
_aMarín Guzmán, Roberto _935994 |
||
| 245 | _aIntroducción al estudio del Medio Oriente Islámico: trayectoria histórica, continuidad y cambio | ||
| 260 | _aCosta Rica | ||
| 260 | _bUCR | ||
| 260 | _c2011 | ||
| 300 | _a96 páginas | ||
| 650 |
_aCIVILIZACIÓN ISLÁMICA _935995 |
||
| 650 |
_aPAÍSES ÁRABES _935996 |
||
| 650 |
_aCULTURA ÁRABE _935997 |
||
| 650 |
_aMEDIO ORIENTE _935998 |
||
| 942 | _cBK | ||
| 999 |
_c6143 _d6143 |
||